[Event "Marshall Spring Norm RR - GM"]
[Site "?"]
[Date "2019.03.02"]
[Round "5"]
[White "Ostrovskiy, Aleksandr"]
[Black "Brodsky, David"]
[Result "1/2-1/2"]
[WhiteElo "2450"]
[BlackElo "2402"]
[PlyCount "87"]
[EventDate "2019.02.28"]
[EventType "tourn"]
[EventRounds "9"]
[SourceVersionDate "2019.02.28"]

1. c4 b6 2. Nc3 Bb7 3. e4 e5 4. Nf3 Nc6 5. Be2 g6 6. d4 exd4 7. Nxd4 Bg7 8. Be3
Nf6 9. Nc2 O-O 10. O-O d6 11. Qd2 Nd7 12. b4 f5 13. exf5 gxf5 14. f4 Nf6 15. h3
Ne7 16. Rae1 Qd7 17. b5 Kh8 18. Nb4 Rg8 19. Nbd5 Nexd5 20. cxd5 Qf7 21. Bf3 a6
22. a4 axb5 23. axb5 Ra3 24. Bd4 Nd7 25. Ne2 Nc5 26. Qb2 Rb3 27. Bxg7+ Rxg7 28.
Qa1 Bxd5 29. Nd4 Bxf3 30. Nxf5 Be4 31. Nxg7 Qxg7 32. Rxe4 Nxe4 33. Qa8+ Qg8 34.
Qxe4 Rxb5 35. Re1 Rc5 36. Qa4 Qf7 37. Re8+ Kg7 38. Qe4 Re5 39. Rxe5 dxe5 40.
Qxe5+ Kg8 41. Qg5+ Kf8 42. Qd8+ Kg7 43. Qg5+ Kf8 44. Qd8+ 1/2-1/2

[Event "Marshall Spring Norm RR - GM"]
[Site "?"]
[Date "2019.03.02"]
[Round "5"]
[White "Yoo, Christopher Woojin"]
[Black "Jacobson, Brandon"]
[Result "0-1"]
[WhiteElo "2406"]
[BlackElo "2418"]
[PlyCount "102"]
[EventDate "2019.02.28"]
[EventType "tourn"]
[EventRounds "9"]
[SourceVersionDate "2019.02.28"]

1. e4 c5 2. Nf3 Nc6 3. d4 cxd4 4. Nxd4 Nf6 5. Nc3 d6 6. Bg5 e6 7. Qd2 a6 8.
O-O-O Bd7 9. f3 Be7 10. h4 h6 11. Be3 h5 12. Nxc6 Bxc6 13. Bg5 b5 14. Ne2 Qc7
15. Nd4 Bd7 16. g3 Rb8 17. Bg2 a5 18. f4 e5 19. Nf5 Bxf5 20. exf5 O-O 21. Rhe1
a4 22. Qc3 Qxc3 23. bxc3 Rfe8 24. a3 Rbc8 25. Kb2 e4 26. Bxf6 Bxf6 27. Re3 Rxc3
28. Rxc3 Rc8 29. Rxd6 Rxc3 30. Rxf6 Rxg3 31. Rb6 Rxg2 32. Rb8+ Kh7 33. Rxb5 Rf2
34. f6 gxf6 35. Rxh5+ Kg6 36. Ra5 Rxf4 37. Rxa4 Rxh4 38. Ra8 Kf5 39. Re8 Kf4
40. a4 f5 41. c4 Rh6 42. Re7 Rf6 43. c5 Ke3 44. Rd7 f4 45. a5 f3 46. Rd6 Rf5
47. c6 Rxa5 48. Rf6 Rc5 49. Kb3 f2 50. Kb4 Rxc6 51. Rxc6 f1=Q 0-1

[Event "Marshall Spring Norm RR - GM"]
[Site "?"]
[Date "2019.03.02"]
[Round "6"]
[White "Rozman, Levy"]
[Black "Ostrovskiy, Aleksandr"]
[Result "1-0"]
[WhiteElo "2387"]
[BlackElo "2450"]
[PlyCount "59"]
[EventDate "2019.02.28"]
[EventType "tourn"]
[EventRounds "9"]
[SourceVersionDate "2019.02.28"]

1. d4 Nf6 2. c4 e6 3. Nf3 d5 4. Nc3 Bb4 5. Qa4+ Nc6 6. e3 O-O 7. Qc2 Re8 8. Bd2
a6 9. h3 Bd6 10. a3 Bd7 11. Be2 dxc4 12. Bxc4 h6 13. g4 b5 14. Bd3 e5 15. d5
Ne7 16. g5 hxg5 17. Nxg5 Qc8 18. Rg1 Bf5 19. O-O-O b4 20. axb4 Bxb4 21. e4 Bd7
22. f4 Ng6 23. f5 Nf4 24. Bxf4 exf4 25. Qg2 Bf8 26. Nxf7 Kxf7 27. Qg6+ Kg8 28.
Qxf6 Qd8 29. Qh6 Ba3 30. Qxg7# 1-0

[Event "Marshall Spring Norm RR - GM"]
[Site "?"]
[Date "2019.03.02"]
[Round "6"]
[White "Brodsky, David"]
[Black "Yoo, Christopher Woojin"]
[Result "0-1"]
[WhiteElo "2402"]
[BlackElo "2406"]
[PlyCount "62"]
[EventDate "2019.02.28"]
[EventType "tourn"]
[EventRounds "9"]
[SourceVersionDate "2019.02.28"]

1. e4 e5 2. Nf3 Nc6 3. Bc4 Bc5 4. O-O Nf6 5. d3 h6 6. c3 d6 7. Re1 O-O 8. Nbd2
a5 9. Nf1 a4 10. Bb5 a3 11. b4 Bb6 12. Be3 Bxe3 13. Nxe3 Ne7 14. Bc4 Ng4 15.
Nc2 Ng6 16. d4 Qe8 17. Qc1 Be6 18. d5 Bd7 19. h3 Nf6 20. Nxa3 Nh5 21. Nc2 f5
22. exf5 Bxf5 23. Kh2 Bxh3 24. Kxh3 Rxf3+ 25. gxf3 Qe7 26. Bf1 Rf8 27. Ne3
Rxf3+ 28. Kg2 Nhf4+ 29. Kg1 Qg5+ 30. Ng2 Nh3+ 31. Kh2 Qh5 0-1

[Event "Marshall Spring Norm RR - GM"]
[Site "?"]
[Date "2019.03.02"]
[Round "6"]
[White "Shen, Victor"]
[Black "Jacobson, Brandon"]
[Result "1-0"]
[WhiteElo "2406"]
[BlackElo "2418"]
[PlyCount "46"]
[EventDate "2019.02.28"]
[EventType "tourn"]
[EventRounds "9"]
[SourceVersionDate "2019.02.28"]

1. d4 Nf6 2. c4 e5 3. dxe5 Ng4 4. Bf4 Nc6 5. Nf3 Bb4+ 6. Nc3 Bxc3+ 7. bxc3 Qe7
8. Qd5 f6 9. exf6 Nxf6 10. Qd3 d6 11. g3 O-O 12. Bg2 Bg4 13. O-O Rae8 14. h3
Bh5 15. c5 dxc5 16. Rfe1 b6 17. e4 Rd8 18. Qc4+ Kh8 19. e5 Nd5 20. Bg5 Qe6 21.
g4 Na5 22. Qf1 Bg6 23. Bxd8 Rxd8 1-0

[Event "Marshall Spring Norm RR - GM"]
[Site "?"]
[Date "2019.03.02"]
[Round "6"]
[White "Korley, Kassa"]
[Black "Khamrakulov, Djurabek"]
[Result "1/2-1/2"]
[WhiteElo "2426"]
[BlackElo "2500"]
[PlyCount "64"]
[EventDate "2019.02.28"]
[EventType "tourn"]
[EventRounds "9"]
[SourceVersionDate "2019.02.28"]

1. d4 Nf6 2. Nf3 e6 3. e3 c5 4. Bd3 d5 5. b3 Nc6 6. O-O Qc7 7. a3 Bd6 8. Bb2
Bd7 9. Nc3 a6 10. dxc5 Bxc5 11. e4 d4 12. Ne2 e5 13. b4 Ba7 14. c3 dxc3 15.
Nxc3 O-O 16. Nd5 Nxd5 17. exd5 Nd4 18. Nxd4 Bxd4 19. Bxd4 exd4 20. Rc1 Qe5 21.
Re1 Qxd5 22. Be4 Qd6 23. Rc4 d3 24. Bxd3 g6 25. Be4 Qxd1 26. Rxd1 Be6 27. Rc7
Rad8 28. Rdc1 Bd5 29. Bxd5 Rxd5 30. Rxb7 Rfd8 31. Re1 Rd1 32. Kf1 R8d3 1/2-1/2

[Event "Marshall Spring Norm RR - GM"]
[Site "?"]
[Date "2019.03.03"]
[Round "7"]
[White "Yoo, Christopher Woojin"]
[Black "Rozman, Levy"]
[Result "1/2-1/2"]
[WhiteElo "2406"]
[BlackElo "2387"]
[PlyCount "59"]
[EventDate "2019.02.28"]
[EventType "tourn"]
[EventRounds "9"]
[SourceVersionDate "2019.02.28"]

1. e4 c6 2. d4 d5 3. exd5 cxd5 4. Nf3 Nc6 5. Ne5 Nf6 6. Bb5 Bd7 7. Nxd7 Qxd7 8.
c3 e6 9. O-O Bd6 10. Nd2 Qc7 11. Nf3 O-O 12. a4 Ne4 13. Be3 f5 14. Re1 Rf6 15.
c4 Nb4 16. c5 Bf4 17. Bxf4 Qxf4 18. Bf1 Rh6 19. g3 Qc7 20. Bg2 Rf8 21. Ne5 Nc6
22. f3 Nxe5 23. fxe4 fxe4 24. dxe5 Qxc5+ 25. Kh1 Qf2 26. Qc1 Rf5 27. Qc8+ Rf8
28. Qc1 Rf5 29. Qc8+ Rf8 30. Qc1 1/2-1/2

[Event "Marshall Spring Norm RR - GM"]
[Site "?"]
[Date "2019.03.03"]
[Round "7"]
[White "Ostrovskiy, Aleksandr"]
[Black "Yudasin, Leonid"]
[Result "1-0"]
[WhiteElo "2450"]
[BlackElo "2517"]
[PlyCount "49"]
[EventDate "2019.02.28"]
[EventType "tourn"]
[EventRounds "9"]
[SourceVersionDate "2019.02.28"]

1. e4 c5 2. Nf3 e6 3. d4 cxd4 4. Nxd4 a6 5. c4 Nf6 6. Nc3 d6 7. Be2 Be7 8. O-O
Qc7 9. Be3 b6 10. Qd2 Bb7 11. f3 Nbd7 12. Rac1 O-O 13. a4 a5 14. Ndb5 Qb8 15.
Bf4 Ne5 16. Rcd1 Rd8 17. Kh1 Bc6 18. Bg3 Qb7 19. Qe3 Ne8 20. Rd2 Rac8 21. b3
Nc7 22. Rfd1 Nxb5 23. axb5 Bd7 24. Na4 Rb8 25. Bf2 1-0

[Event "Marshall Spring Norm RR - GM"]
[Site "?"]
[Date "2019.03.03"]
[Round "7"]
[White "Khamrakulov, Djurabek"]
[Black "Shen, Victor"]
[Result "1/2-1/2"]
[WhiteElo "2500"]
[BlackElo "2406"]
[PlyCount "32"]
[EventDate "2019.02.28"]
[EventType "tourn"]
[EventRounds "9"]
[SourceVersionDate "2019.02.28"]

1. e4 c5 2. c3 d5 3. exd5 Qxd5 4. d4 Nf6 5. Nf3 Bg4 6. dxc5 Qxc5 7. h3 Bf5 8.
Na3 a6 9. Be3 Qc7 10. Qa4+ Nbd7 11. O-O-O Rd8 12. Bf4 Qc5 13. Be3 Qc7 14. Bf4
Qc5 15. Be3 Qc7 16. Bf4 Qc5 1/2-1/2

[Event "Marshall Spring Norm RR - GM"]
[Site "?"]
[Date "2019.03.03"]
[Round "7"]
[White "Jacobson, Brandon"]
[Black "Brodsky, David"]
[Result "1-0"]
[WhiteElo "2418"]
[BlackElo "2402"]
[PlyCount "81"]
[EventDate "2019.02.28"]
[EventType "tourn"]
[EventRounds "9"]
[SourceVersionDate "2019.02.28"]

1. c4 b6 2. Nc3 Bb7 3. e4 e5 4. Nf3 Nc6 5. a3 Nf6 6. g3 a5 7. Bg2 Bc5 8. O-O d6
9. d3 O-O 10. Rb1 h6 11. Nh4 Bc8 12. h3 Kh7 13. Kh2 g6 14. Nd5 Bd7 15. b4 axb4
16. axb4 Nxd5 17. bxc5 Nc3 18. Qd2 Nxb1 19. Qxh6+ Kg8 20. Bg5 f6 21. Qxg6+ Kh8
22. Qh6+ Kg8 23. Nf5 Kf7 24. Bf3 dxc5 25. Qg7+ Ke6 26. Bg4 Nd4 27. f4 Nxf5 28.
exf5+ Kd6 29. Rxb1 e4 30. dxe4 Kc6 31. e5 Kb7 32. Bxf6 Ra2+ 33. Kg1 Qe8 34. e6
Bc6 35. Be5 Qd8 36. Rd1 Rd2 37. Rxd2 Qxd2 38. Qxc7+ Ka6 39. Qxc6 Qe3+ 40. Kh2
Rd8 41. Bf3 1-0

[Event "Marshall Spring Norm RR - GM"]
[Site "?"]
[Date "2019.03.03"]
[Round "7"]
[White "Barbosa, Oliver"]
[Black "Korley, Kassa"]
[Result "1/2-1/2"]
[WhiteElo "2552"]
[BlackElo "2426"]
[PlyCount "95"]
[EventDate "2019.02.28"]
[EventType "tourn"]
[EventRounds "9"]
[SourceVersionDate "2019.02.28"]

1. c4 e6 2. Nc3 d5 3. d4 Nf6 4. cxd5 exd5 5. Bg5 c6 6. e3 Be7 7. Bd3 Nbd7 8.
Rb1 O-O 9. Qc2 h6 10. Bh4 Nh5 11. Bxe7 Qxe7 12. Nge2 g6 13. O-O Ng7 14. b4 a6
15. a4 Nf6 16. b5 axb5 17. axb5 Bf5 18. bxc6 bxc6 19. Nf4 Rfb8 20. Rfc1 Rxb1
21. Nxb1 Ra6 22. Nd2 Rb6 23. Qc3 Ne6 24. Nxe6 Bxe6 25. h3 Nd7 26. Ra1 Kg7 27.
Ra7 Qd6 28. Nf3 Qb8 29. Ra3 Qd6 30. Nd2 Bf5 31. Bf1 Qb4 32. g4 Qxc3 33. Rxc3
Be6 34. Nb3 Kf6 35. f4 Ke7 36. Bd3 f5 37. g5 hxg5 38. fxg5 Kd6 39. Kf2 Rb8 40.
h4 Ra8 41. Be2 Ra3 42. h5 gxh5 43. Bxh5 c5 44. dxc5+ Nxc5 45. Rxc5 Rxb3 46. Ra5
Ke5 47. Ra6 Rb2+ 48. Be2 1/2-1/2

[Event "Marshall Spring Norm RR - GM"]
[Site "?"]
[Date "2019.03.03"]
[Round "8"]
[White "Shen, Victor"]
[Black "Brodsky, David"]
[Result "0-1"]
[WhiteElo "2406"]
[BlackElo "2402"]
[PlyCount "182"]
[EventDate "2019.02.28"]
[EventType "tourn"]
[EventRounds "9"]
[SourceVersionDate "2019.02.28"]

1. d4 Nf6 2. c4 e6 3. Nc3 Bb4 4. e3 O-O 5. Bd3 d5 6. cxd5 exd5 7. Nge2 Re8 8.
O-O Bd6 9. Bd2 a6 10. Rc1 Nbd7 11. Ng3 b6 12. Nf5 Bf8 13. g4 c5 14. f3 g6 15.
Ng3 Bh6 16. f4 cxd4 17. exd4 Bg7 18. Qf3 Bb7 19. f5 Ne4 20. Be3 Ng5 21. Bxg5
Bxd4+ 22. Kg2 Qxg5 23. fxg6 fxg6 24. Qf7+ Kh8 25. Qxd7 Re7 26. Qd6 Be5 27. Qxb6
Qd2+ 28. Be2 d4+ 29. Kh3 dxc3 30. Rcd1 Qxb2 31. Rd8+ Re8 32. Rxe8+ Rxe8 33. Qc5
Bg7 34. Rf7 c2 35. Rc7 Qc1 36. g5 Qf4 37. Qxc2 Bd5 38. Qc1 Be6+ 39. Kg2 Bd5+
40. Kh3 Be6+ 41. Kg2 Qh4 42. Qc6 Qh3+ 43. Kh1 Rd8 44. Bf3 Bd7 45. Qd6 Re8 46.
Qd2 Be6 47. Bc6 Rf8 48. Bg2 Qg4 49. Re7 Qc4 50. a3 Rb8 51. Rb7 Rc8 52. Rb1 Qc5
53. a4 Qe7 54. Qe3 Re8 55. Rb6 Qd7 56. Qf4 Bd5 57. Rb8 Rxb8 58. Qxb8+ Bg8 59.
Qf4 a5 60. h4 Qd8 61. Bc6 Qe7 62. Kg2 Be5 63. Qf3 Qd6 64. Ne2 Qb4 65. Qe4 Qd6
66. Bb7 Be6 67. Qc6 Bd7 68. Qxd6 Bxd6 69. Nc3 Bb4 70. Nb5 Be1 71. h5 gxh5 72.
Be4 Kg7 73. Bc2 Bd2 74. Nd6 Bxg5 75. Nc4 Bd8 76. Ne5 Be6 77. Be4 h4 78. Nc6 h3+
79. Kh1 Bc7 80. Nd4 Bc8 81. Nb3 Kf6 82. Nxa5 Bxa5 83. Bc6 Kg5 84. Kh2 Kh4 85.
Bd5 Bc7+ 86. Kh1 Kg3 87. Bc6 Ba6 88. Bd5 Bf1 89. a5 Bg2+ 90. Bxg2 hxg2+ 91. Kg1
Bd6 0-1

[Event "Marshall Spring Norm RR - GM"]
[Site "?"]
[Date "2019.03.03"]
[Round "8"]
[White "Korley, Kassa"]
[Black "Ostrovskiy, Aleksandr"]
[Result "1/2-1/2"]
[WhiteElo "2426"]
[BlackElo "2450"]
[PlyCount "84"]
[EventDate "2019.02.28"]
[EventType "tourn"]
[EventRounds "9"]
[SourceVersionDate "2019.02.28"]

1. d4 Nf6 2. Nf3 d5 3. e3 c5 4. c3 e6 5. Nbd2 Be7 6. Bd3 b6 7. O-O O-O 8. Ne5
Qc7 9. Qe2 Bb7 10. a4 Nbd7 11. Nxd7 Nxd7 12. f4 Nf6 13. Nf3 Ne4 14. Bd2 a5 15.
Be1 Bd6 16. Bg3 f5 17. Nd2 Nxd2 18. Qxd2 Ba6 19. Bxa6 Rxa6 20. Qe2 c4 21. Bh4
Qb7 22. g4 b5 23. axb5 Qxb5 24. Rf2 a4 25. Kh1 g6 26. Rg2 Kf7 27. Rag1 a3 28.
bxa3 Rxa3 29. Bg5 Rfa8 30. h4 Qb3 31. gxf5 exf5 32. Qf3 Ke6 33. h5 Ra1 34. hxg6
hxg6 35. Bh4 Rxg1+ 36. Rxg1 Rg8 37. Qg2 Qb7 38. Qg5 Be7 39. Qxe7+ Qxe7 40. Bxe7
Kxe7 41. Kg2 Ra8 42. Kf3 Kf6 1/2-1/2

[Event "Marshall Spring Norm RR - GM"]
[Site "?"]
[Date "2019.03.03"]
[Round "8"]
[White "Khamrakulov, Djurabek"]
[Black "Barbosa, Oliver"]
[Result "1/2-1/2"]
[WhiteElo "2500"]
[BlackElo "2552"]
[PlyCount "23"]
[EventDate "2019.02.28"]
[EventType "tourn"]
[EventRounds "9"]
[SourceVersionDate "2019.02.28"]

1. e4 c6 2. Nc3 d5 3. Nf3 Bg4 4. h3 Bh5 5. exd5 cxd5 6. Bb5+ Nc6 7. g4 Bg6 8.
Ne5 Rc8 9. h4 f6 10. Nxg6 hxg6 11. d4 e6 12. h5 1/2-1/2

[Event "Marshall Spring Norm RR - GM"]
[Site "?"]
[Date "2019.03.03"]
[Round "8"]
[White "Yudasin, Leonid"]
[Black "Yoo, Christopher Woojin"]
[Result "1/2-1/2"]
[WhiteElo "2517"]
[BlackElo "2406"]
[PlyCount "59"]
[EventDate "2019.02.28"]
[EventType "tourn"]
[EventRounds "9"]
[SourceVersionDate "2019.02.28"]

1. e4 c5 2. g3 d5 3. exd5 Qxd5 4. Qf3 Qe6+ 5. Qe3 Nc6 6. Bg2 Qxe3+ 7. dxe3 Bd7
8. Bd2 O-O-O 9. Nc3 Nf6 10. h3 Ne5 11. b3 Bc6 12. e4 b5 13. f3 e6 14. Nge2 Ned7
15. Nd1 Ne8 16. Ne3 Nc7 17. Bc3 e5 18. h4 Ne6 19. Kf2 Bd6 20. Nf5 Bc7 21. Ne7+
Kb7 22. Nxc6 Kxc6 23. Rad1 Nd4 24. Bxd4 cxd4 25. c3 dxc3 26. Nxc3 Bb6+ 27. Ke2
Nf6 28. Nd5 Nxd5 29. Rc1+ Nc3+ 30. Rxc3+ 1/2-1/2

[Event "Marshall Spring Norm RR - GM"]
[Site "?"]
[Date "2019.03.03"]
[Round "8"]
[White "Rozman, Levy"]
[Black "Jacobson, Brandon"]
[Result "0-1"]
[WhiteElo "2387"]
[BlackElo "2418"]
[PlyCount "106"]
[EventDate "2019.02.28"]
[EventType "tourn"]
[EventRounds "9"]
[SourceVersionDate "2019.02.28"]

1. d4 d6 2. c4 e5 3. Nf3 e4 4. Ng5 Nf6 5. Nc3 Qe7 6. Qc2 Nc6 7. e3 Bf5 8. Nd5
Nxd5 9. cxd5 Qxg5 10. dxc6 b6 11. d5 Be7 12. Bd2 h5 13. h4 Qg6 14. Bc3 Bf6 15.
O-O-O Kf8 16. Bd4 Bxd4 17. Rxd4 Re8 18. g3 Rh6 19. Bg2 a5 20. Rhd1 Qf6 21. Ra4
Qe5 22. Rdd4 Rf6 23. Kd1 Bh7 24. Ke1 g5 25. Rxe4 Bxe4 26. Rxe4 Qf5 27. Rxe8+
Kxe8 28. Qxf5 Rxf5 29. f4 gxf4 30. gxf4 b5 31. Kf2 Rf6 32. Be4 Rh6 33. Bd3 b4
34. b3 Rh8 35. Be2 f6 36. Bd3 Ke7 37. Be2 Rd8 38. Kf3 Rh8 39. Bd1 Rg8 40. Ke4
Rg2 41. Bxh5 Rxa2 42. Kd3 Kf8 43. Bd1 Kg7 44. h5 Rh2 45. Ke4 Rd2 46. Bf3 Rf2
47. Bd1 Rf1 48. Be2 Re1 49. Bd3 Rh1 50. Be2 a4 51. bxa4 b3 52. Bd3 b2 53. Kf5
Rxh5+ 0-1

[Event "Marshall Spring Norm RR - GM"]
[Site "?"]
[Date "2019.03.04"]
[Round "9"]
[White "Yoo, Christopher Woojin"]
[Black "Korley, Kassa"]
[Result "1-0"]
[WhiteElo "2406"]
[BlackElo "2426"]
[PlyCount "51"]
[EventDate "2019.02.28"]
[EventType "tourn"]
[EventRounds "9"]
[SourceVersionDate "2019.02.28"]

1. e4 e6 2. d4 d5 3. Nc3 Bb4 4. e5 c5 5. a3 Bxc3+ 6. bxc3 Qa5 7. Bd2 Qa4 8. Qg4
Kf8 9. Qd1 Ne7 10. Nf3 b6 11. dxc5 bxc5 12. c4 Nbc6 13. Be2 h6 14. O-O Kg8 15.
cxd5 exd5 16. Rb1 Ba6 17. Bxa6 Qxa6 18. e6 fxe6 19. Re1 Kh7 20. Rxe6 Rhb8 21.
Ra1 Qc8 22. Bxh6 gxh6 23. Qd3+ Kg7 24. Rae1 Qd7 25. Qc3+ Kh7 26. Qf6 1-0

[Event "Marshall Spring Norm RR - GM"]
[Site "?"]
[Date "2019.03.04"]
[Round "9"]
[White "Barbosa, Oliver"]
[Black "Shen, Victor"]
[Result "1/2-1/2"]
[WhiteElo "2552"]
[BlackElo "2406"]
[PlyCount "26"]
[EventDate "2019.02.28"]
[EventType "tourn"]
[EventRounds "9"]
[SourceVersionDate "2019.02.28"]

1. d4 d5 2. c4 c6 3. Nc3 Nf6 4. cxd5 cxd5 5. Bf4 Nc6 6. e3 Bf5 7. Bd3 Bxd3 8.
Qxd3 e6 9. Nf3 Bd6 10. Bxd6 Qxd6 11. O-O O-O 12. Rfc1 Rfe8 13. Ne2 Nd7 1/2-1/2

[Event "Marshall Spring Norm RR - GM"]
[Site "?"]
[Date "2019.03.04"]
[Round "9"]
[White "Jacobson, Brandon"]
[Black "Yudasin, Leonid"]
[Result "1/2-1/2"]
[WhiteElo "2418"]
[BlackElo "2517"]
[PlyCount "33"]
[EventDate "2019.02.28"]
[EventType "tourn"]
[EventRounds "9"]
[SourceVersionDate "2019.02.28"]

1. d4 d5 2. c4 c6 3. cxd5 cxd5 4. Nc3 Nc6 5. Nf3 Nf6 6. Bf4 Bf5 7. e3 e6 8. Bd3
Bxd3 9. Qxd3 Bd6 10. Bxd6 Qxd6 11. O-O O-O 12. Rfc1 Rfc8 13. h3 h6 14. Nd2 Ne7
15. Nf3 Nc6 16. Nd2 Ne8 17. Nf3 1/2-1/2

[Event "Marshall Spring Norm RR - GM"]
[Site "?"]
[Date "2019.03.04"]
[Round "9"]
[White "Ostrovskiy, Aleksandr"]
[Black "Khamrakulov, Djurabek"]
[Result "0-1"]
[WhiteElo "2450"]
[BlackElo "2500"]
[PlyCount "86"]
[EventDate "2019.02.28"]
[EventType "tourn"]
[EventRounds "9"]
[SourceVersionDate "2019.02.28"]

1. e4 c6 2. d4 d5 3. e5 Bf5 4. h4 h6 5. g4 Be4 6. f3 Bh7 7. e6 Qd6 8. exf7+
Kxf7 9. f4 Nf6 10. Nf3 Nxg4 11. h5 Ke8 12. Nc3 Qe6+ 13. Ne5 Bf5 14. Bd3 Nxe5
15. fxe5 Na6 16. a3 g5 17. hxg6 Qxg6 18. Bxf5 Qxf5 19. Be3 h5 20. Qe2 Kd7 21.
O-O-O Bh6 22. Rdf1 Qe6 23. Rh4 Nc7 24. Rfh1 Raf8 25. Rxh5 Bxe3+ 26. Qxe3 Rxh5
27. Rxh5 Rf1+ 28. Kd2 Qg4 29. Qh3 Rf2+ 30. Kc1 Rg2 31. Rh4 Qxh3 32. Rxh3 Ne6
33. Rd3 Nf4 34. Rf3 Rg4 35. Na4 Ne2+ 36. Kb1 Nxd4 37. Nc5+ Ke8 38. Rh3 b6 39.
Rh8+ Kf7 40. Nd3 Rg1+ 41. Ka2 Ne2 42. Rh4 Ke6 43. Rh6+ Kd7 0-1

[Event "Marshall Spring Norm RR - GM"]
[Site "?"]
[Date "2019.03.04"]
[Round "9"]
[White "Brodsky, David"]
[Black "Rozman, Levy"]
[Result "0-1"]
[WhiteElo "2402"]
[BlackElo "2387"]
[PlyCount "62"]
[EventDate "2019.02.28"]
[EventType "tourn"]
[EventRounds "9"]
[SourceVersionDate "2019.02.28"]

1. e4 c6 2. d4 d5 3. e5 Bf5 4. Nf3 e6 5. Be2 Ne7 6. O-O Ng6 7. Be3 Nd7 8. Nbd2
f6 9. exf6 Qxf6 10. Bg5 Qf7 11. Nh4 Bd6 12. Nxg6 Bxg6 13. f4 O-O 14. Nf3 Be4
15. g3 h6 16. Ne5 Nxe5 17. fxe5 Qg6 18. Bf4 Bxc2 19. Qd2 Bc7 20. Rac1 Be4 21.
Qb4 Rf7 22. Be3 Raf8 23. Rxf7 Rxf7 24. Rf1 Rxf1+ 25. Kxf1 Bb6 26. Ke1 Bd3 27.
a4 Qe4 28. Bxd3 Qxe3+ 29. Be2 Qg1+ 30. Kd2 Qxd4+ 31. Qxd4 Bxd4 0-1

[Event "Marshall Spring Norm RR - IM"]
[Site "?"]
[Date "2019.02.28"]
[Round "1"]
[White "Savanovic, Aleksandar"]
[Black "Chasin, Nico"]
[Result "1/2-1/2"]
[WhiteElo "2442"]
[BlackElo "2289"]
[PlyCount "90"]
[EventDate "2019.02.28"]
[EventType "tourn"]
[SourceVersionDate "2019.02.28"]

1. Nf3 Nf6 2. c4 c5 3. g3 Nc6 4. Bg2 g6 5. O-O Bg7 6. Nc3 O-O 7. d3 d6 8. a3
Qd7 9. Rb1 b6 10. b4 Bb7 11. Bd2 e6 12. Qa4 Rfd8 13. Rfc1 Ng4 14. h3 Nge5 15.
Nxe5 Bxe5 16. Kh2 Rdc8 17. Qd1 h5 18. f4 Bg7 19. Qh1 Rab8 20. bxc5 dxc5 21. a4
Ba8 22. Bf3 Re8 23. Re1 h4 24. gxh4 Nd4 25. Bxa8 Rxa8 26. h5 gxh5 27. Rg1 Rf8
28. Qg2 f5 29. a5 Rab8 30. axb6 Rxb6 31. Rxb6 axb6 32. Qg6 Qf7 33. Qxf7+ Kxf7
34. Rb1 Rb8 35. Kg2 Bf6 36. Kf1 Bd8 37. Ra1 Rb7 38. Ra8 Bf6 39. Be1 Nc2 40. Nb5
Rd7 41. Bf2 Bd8 42. Kg2 Bf6 43. Kf3 Bd8 44. Ra2 Nb4 45. Ra8 Nc2 1/2-1/2

[Event "Marshall Spring Norm RR - IM"]
[Site "?"]
[Date "2019.02.28"]
[Round "1"]
[White "Ryba, Andrew"]
[Black "Mishra, Abhimanyu"]
[Result "0-1"]
[WhiteElo "2220"]
[BlackElo "2195"]
[PlyCount "116"]
[EventDate "2019.02.28"]
[EventType "tourn"]
[SourceVersionDate "2019.02.28"]

1. e4 c5 2. Nf3 e6 3. d4 cxd4 4. Nxd4 Nc6 5. Nc3 Qc7 6. g3 a6 7. Bg2 Nf6 8. O-O
h5 9. h3 Bc5 10. Nce2 O-O 11. Bg5 Be7 12. c3 d6 13. Nxc6 bxc6 14. Nd4 e5 15.
Nf5 Bxf5 16. exf5 d5 17. Bxf6 Bxf6 18. Qxh5 e4 19. Rfe1 Rab8 20. Re2 Rb7 21.
Rc1 a5 22. b3 Qd6 23. Rd1 Qe5 24. c4 Rd8 25. cxd5 cxd5 26. Qg4 Rbd7 27. h4 Rd6
28. Re3 Qe7 29. Re2 Bc3 30. Qg5 Bf6 31. Qd2 Qa7 32. Rc1 Qb6 33. Qf4 Rc6 34. Rd1
Rcd6 35. g4 Bc3 36. g5 R6d7 37. Rc2 Bb4 38. h5 Qd6 39. Qg4 Qe5 40. f6 Kh8 41.
fxg7+ Kxg7 42. h6+ Kh7 43. Bh3 Re7 44. Qf5+ Kh8 45. Qxe5+ Rxe5 46. Rc7 Rxg5+
47. Kf1 Rh5 48. Bg4 Rxh6 49. Rxf7 Rg8 50. Bf5 Rg5 51. Ke2 Kg8 52. Rd7 Rxf5 53.
R1xd5 Rhf6 54. Rxf5 Rxf5 55. Ke3 Rf3+ 56. Kxe4 Rxf2 57. a4 Rc2 58. Rd3 Rc3 0-1

[Event "Marshall Spring Norm RR - IM"]
[Site "?"]
[Date "2019.02.28"]
[Round "1"]
[White "Escobar Forero, Alder"]
[Black "Allicock, Rawle"]
[Result "1-0"]
[WhiteElo "2471"]
[BlackElo "2237"]
[PlyCount "47"]
[EventDate "2019.02.28"]
[EventType "tourn"]
[SourceVersionDate "2019.02.28"]

1. e4 e5 2. Nf3 Nc6 3. Bb5 a6 4. Ba4 Nf6 5. O-O Be7 6. Bxc6 dxc6 7. d3 Nd7 8.
Nbd2 O-O 9. Nc4 f6 10. Nh4 Nb6 11. Ne3 g6 12. h3 Kh8 13. Nf3 Be6 14. b3 a5 15.
d4 exd4 16. Nxd4 Bf7 17. c4 a4 18. Bb2 Qd6 19. Qf3 Rae8 20. Rad1 Qc5 21. Qf4
Qd6 22. Qh6 Qc5 23. Ndf5 gxf5 24. Nxf5 1-0

[Event "Marshall Spring Norm RR - IM"]
[Site "?"]
[Date "2019.02.28"]
[Round "1"]
[White "Wang, Wesley"]
[Black "Jacobson, Aaron"]
[Result "1-0"]
[WhiteElo "2304"]
[BlackElo "2365"]
[PlyCount "85"]
[EventDate "2019.02.28"]
[EventType "tourn"]
[SourceVersionDate "2019.02.28"]

1. e4 e6 2. d4 d5 3. Nd2 c5 4. exd5 Qxd5 5. Ngf3 cxd4 6. Bc4 Qd7 7. O-O Nc6 8.
Nb3 a6 9. Nbxd4 Nxd4 10. Nxd4 Qc7 11. b3 Bd6 12. h3 Nf6 13. Bb2 O-O 14. a4 Bd7
15. Qe2 e5 16. Nf3 e4 17. Nd2 Bh2+ 18. Kh1 Be5 19. Bxe5 Qxe5 20. Qe3 Rae8 21.
Rfe1 Qf5 22. Nf1 Bc6 23. Ng3 Qg6 24. Rad1 Nh5 25. Ne2 b5 26. axb5 axb5 27. Bd5
Bd7 28. Nc3 Nf6 29. Bb7 Re5 30. Rd6 Rfe8 31. Red1 Qf5 32. Ne2 Rc5 33. Ng3 Qe5
34. Rxf6 gxf6 35. Rxd7 Rxc2 36. Bxe4 Rc3 37. Qh6 f5 38. Nh5 Rc1+ 39. Qxc1 fxe4
40. Qh6 Qa1+ 41. Kh2 Qe5+ 42. g3 Kh8 43. Rxf7 1-0

[Event "Marshall Spring Norm RR - IM"]
[Site "?"]
[Date "2019.02.28"]
[Round "1"]
[White "Daggupati, Balaji"]
[Black "Lund, Silas Esben"]
[Result "0-1"]
[WhiteElo "2305"]
[BlackElo "2362"]
[PlyCount "108"]
[EventDate "2019.02.28"]
[EventType "tourn"]
[SourceVersionDate "2019.02.28"]

1. e4 e5 2. Nf3 Nc6 3. Bb5 Nf6 4. O-O Nxe4 5. d4 Nd6 6. Bg5 Be7 7. Bxe7 Qxe7 8.
dxe5 Nxb5 9. a4 O-O 10. axb5 Nxe5 11. Nc3 d6 12. Nd5 Qd8 13. Nxe5 dxe5 14. Qf3
c6 15. bxc6 bxc6 16. Nb4 Bb7 17. Nd3 Re8 18. Nc5 Qb6 19. Qc3 Rad8 20. Rfe1 Rd5
21. b4 Bc8 22. h3 h6 23. Ra5 Bf5 24. Na4 Qb8 25. Ra6 Rd4 26. Rb1 Qb5 27. Qxc6
Qxc6 28. Rxc6 a5 29. Rc5 axb4 30. Re1 Rd2 31. Rb5 Bxc2 32. Rxb4 f6 33. Nc3 Rc8
34. Re3 Bd3 35. Nd5 Rd8 36. Ne7+ Kf7 37. Nc6 Rd7 38. Rb8 Rc2 39. Rb6 Re2 40.
Rf3 Kg8 41. Nb8 Rd8 42. Nc6 Rd7 43. Nb8 Rd5 44. Rg3 Rb5 45. Rd6 Rxb8 46. Rgxd3
Rb1+ 47. Kh2 Rxf2 48. Rd8+ Kh7 49. R8d7 Rf5 50. h4 Rb4 51. g3 h5 52. Re7 Rb2+
53. Kg1 Rff2 54. Rdd7 Rg2+ 0-1